000 00615nam a22001937a 4500
003 OSt
005 20251125101219.0
008 251125b |||||||| |||| 00| 0 eng d
020 _a1-85604-374-6
040 _aDWC-Main lib
_c OC
082 _aCirc. 027.7 B873a 2000
100 _aBrophy, P.
245 _aThe academic library
_cBrophy, Peter
260 _aLondon :
_bFacet Publishing,
_cc2000
300 _aix, 213 pages :
_c23 cm
650 _2Academic libraries.
650 _2Academic libraries--Great Britain.
942 _2ddc
_cBK-CIRC
_hCirc. 027.7 B873a 2000
_kCirc.
_n0
999 _c6206
_d6206